000 00517nam a2200193Ia 4500
003 OSt
005 20250128094442.0
008 210716s1960 xx 000 0 und d
040 _cAIMIT LIBRARY
041 _aeng
082 _a808.83
_21
_bSAND
100 _aSanderson, Douglas.
_9195713
245 _aCatch a fallen starlet /
_cBy Douglas Sanderson
250 _a1st ed.
260 _aNew York :
_bAvon Books ;
_c1960.
300 _a157p. ;
_bPB
_c17 cm.
440 _v6
942 _2ddc
_cBK
_e1st ed.
_k808.83 SAND
999 _c199956
_d199956